The diplomacy of economic development (Record no. 2965)

MARC details
000 -LEADER
fixed length control field 00573nam a22001337a 4500
050 ## - CALL NUMBER
Classification number HD82
Item number .B54
100 ## - AUTHOR
Personal name Eugene R Black
245 ## - TITLE
Title The diplomacy of economic development
Statement of responsibility, etc Eugene R Black
260 ## - PUBLICATION INFORMATION
Place of publication Cambridge :
Name of publisher Harvard University,
Year of publication 1960.
300 ## - DESCRIPTION
Number of Pages 74 p.
Dimensions ; 21 cm
500 ## - NOTES
General note Includes index.<br/>
505 ## - FORMATTED CONTENTS NOTE
Table of Content Frontmatter --<br/>THE WILLIAM L. CLAYTON LECTURES --<br/>Contents --<br/>Foreword --<br/>I. Enlightenment and Development --<br/>II. The Diplomacy of Economic Aid --<br/>III. A Status for Development --<br/>APPENDIX. A NOTE ON THE WORLD BANK --<br/>Index.
942 ## - ADDED ENTRY ELEMENTS (KOHA)
Koha item type Books
Holdings
Withdrawn status Lost status Collection code Home library Current library Shelving location Date acquired Full call number Accession Number Copy number Koha item type
    Reference Methodist University Library Main Methodist University Library Main General Stacks   HD82 .B54 11586 1 Books
Copyright © 2026  MUG Library